[Event "Online Friendship U12"]
[Site "Tornelo INT"]
[Date "2020.11.21"]
[Round "1.6"]
[White "Diners, Kirils"]
[Black "Kazhamiakina, Marta"]
[Result "0-1"]
[WhiteElo "1084"]
[BlackElo "1075"]
[PlyCount "116"]
[EventDate "2020.11.21"]
[EventType "team-swiss"]
[EventRounds "7"]
[EventCountry "BLR"]
[SourceTitle "CBM 199 Extra"]
[Source "ChessBase"]
[SourceDate "2021.01.31"]
[SourceVersion "1"]
[SourceVersionDate "2021.01.31"]
[SourceQuality "1"]
[WhiteTeam "Latvia Riga Chess School"]
[BlackTeam "Belarus Vitebsk"]
[WhiteTeamCountry "LAT"]
[BlackTeamCountry "BLR"]

1. e4 c5 2. Nc3 e6 3. Nf3 d5 4. Bb5+ Bd7 5. Bxd7+ Qxd7 6. d4 dxe4 7. Nxe4 cxd4 8. Qxd4 Qxd4 9. Nxd4 Be7 10. Bf4 Nf6 11. f3 Nxe4 12. fxe4 a6 13. 0-0-0 0-0 14. Nf3 Nc6 15. Rd7 b5 16. Rc7 Rac8 17. Rd1 Rxc7 18. Bxc7 Rc8 19. Bg3 Rd8 20. Rxd8+ Bxd8 21. Ne5 Nxe5 22. Bxe5 Bg5+ 23. Kd1 Kf8 24. Ke2 Ke7 25. Bxg7 f6 26. g3 Kf7 27. h4 Kxg7 28. hxg5 fxg5 29. Kf3 h5 30. b3 Kf6 31. c3 Ke5 32. a3 h4 33. gxh4 gxh4 34. Kg4 Kxe4 35. Kxh4 Kd3 36. a4 bxa4 37. bxa4 Kxc3 38. Kg5 Kb4 39. Kf6 Kxa4 40. Kxe6 Kb3 41. Kd5 a5 42. Kd4 a4 43. Kd3 Kb2 44. Kc4 a3 45. Kb4 a2 46. Kc4 a1Q 47. Kb4 Qa3+ 48. Kc4 Qc3+ 49. Kb5 Qd4 50. Ka5 Kb3 51. Kb5 Qd5+ 52. Ka6 Ka4 53. Kb6 Qb5+ 54. Ka7 Qc6 55. Kb8 Qd7 56. Ka8 Ka5 57. Kb8 Ka6 58. Ka8 Qa7# 0-1

[Event "Online Friendship U12"]
[Site "Tornelo INT"]
[Date "2020.11.21"]
[Round "5.6"]
[White "Peeters, Paul"]
[Black "Kazhamiakina, Marta"]
[Result "0-1"]
[WhiteElo "1143"]
[BlackElo "1075"]
[PlyCount "82"]
[EventDate "2020.11.21"]
[EventType "team-swiss"]
[EventRounds "7"]
[EventCountry "BLR"]
[SourceTitle "CBM 199 Extra"]
[Source "ChessBase"]
[SourceDate "2021.01.31"]
[SourceVersion "1"]
[SourceVersionDate "2021.01.31"]
[SourceQuality "1"]
[WhiteTeam "Belgium"]
[BlackTeam "Belarus Vitebsk"]
[WhiteTeamCountry "BEL"]
[BlackTeamCountry "BLR"]

1. e4 c5 2. Nc3 e6 3. Nf3 d5 4. exd5 exd5 5. d4 c4 6. b3 cxb3 7. axb3 Nf6 8. Bf4 Bb4 9. Qd2 Ne4 10. Bb5+ Bd7 11. Bxd7+ Nxd7 12. Bg5 f6 13. Nxe4 Bxd2+ 14. Nexd2 fxg5 15. 0-0 0-0 16. Rfe1 Re8 17. Rxe8+ Qxe8 18. Nxg5 h6 19. Ngf3 Rc8 20. c4 dxc4 21. Nxc4 Qf8 22. Re1 Re8 23. Rxe8 Qxe8 24. Nd6 Qe2 25. h3 Qd1+ 26. Kh2 Qxb3 27. Ne5 Nxe5 28. dxe5 Qd5 29. f4 g5 30. g3 a5 31. h4 gxf4 32. gxf4 a4 33. f5 Qxe5+ 34. Kh3 Qxd6 35. f6 Qxf6 36. h5 a3 37. Kg4 a2 38. Kh3 a1R 39. Kg4 Rg1+ 40. Kh3 Qf3+ 41. Kh4 Rh1# 0-1